Микроволновый контроль распространения газового пузыря при литье пластмассы; Известия Томского политехнического университета [Известия ТПУ]; Неразрушающий контроль и диагностика
| Parent link: | Томский политехнический университет. Известия Томского политехнического университета [Известия ТПУ]/ Томский политехнический университет (ТПУ).— .— Томск: Изд-во ТПУ, 1998-2015.— 1684-8519 Неразрушающий контроль и диагностика.— 2008.— [С. 221-229] |
|---|---|
| Daljnji autori: | , , , , , |
| Sažetak: | Заглавие с титульного листа Электронная версия печатной публикации |
| Jezik: | ruski |
| Izdano: |
2008
|
| Serija: | Электромагнитный контроль |
| Teme: | |
| Online pristup: | http://www.lib.tpu.ru/fulltext/v/Bulletin_TPU/2008/v312/i2app/42.pdf |
| Format: | MixedMaterials Elektronički Poglavlje knjige |
| KOHA link: | https://koha.lib.tpu.ru/cgi-bin/koha/opac-detail.pl?biblionumber=173054 |
MARC
| LEADER | 00000naa2a2200000 4500 | ||
|---|---|---|---|
| 001 | 173054 | ||
| 005 | 20240613105149.0 | ||
| 035 | |a (RuTPU)RU\TPU\book\187710 | ||
| 035 | |a RU\TPU\book\187703 | ||
| 090 | |a 173054 | ||
| 100 | |a 20091218d2008 k y0rusy50 ca | ||
| 101 | 0 | |a rus | |
| 102 | |a RU | ||
| 135 | |a drnn ---uucaa | ||
| 181 | 0 | |a i | |
| 182 | 0 | |a b | |
| 200 | 1 | |a Микроволновый контроль распространения газового пузыря при литье пластмассы |f А. С. Сурков [и др.] | |
| 203 | |a Текст |c электронный | ||
| 215 | |a 1 файл (9.6 Мб) | ||
| 225 | 1 | |a Электромагнитный контроль | |
| 300 | |a Заглавие с титульного листа | ||
| 300 | |a Электронная версия печатной публикации | ||
| 320 | |a [Библиогр.: с. 229 (2 назв.)] | ||
| 337 | |a Adobe Reader | ||
| 461 | 1 | |0 162495 |t Известия Томского политехнического университета [Известия ТПУ] |f Томский политехнический университет (ТПУ) |d 1998-2015 |9 162495 |a Томский политехнический университет |c Томск |n Изд-во ТПУ |x 1684-8519 | |
| 463 | 1 | |0 172956 |t Неразрушающий контроль и диагностика |d 2008 |p 418 с. |9 172956 |a Клименов, В. А. (российский ученый, специалист в области неразрушающего контроля ; 1951-) |o Труды Международной научно-технической конференции, Томск 2008 г. |v [С. 221-229] | |
| 610 | 1 | |a пластмассы | |
| 610 | 1 | |a литье | |
| 610 | 1 | |a газовые пузыри | |
| 610 | 1 | |a контроль | |
| 610 | 1 | |a микроволновый контроль | |
| 610 | 1 | |a контрольно-измерительные системы | |
| 610 | 1 | |a жидкая пластмасса | |
| 610 | 1 | |a труды учёных ТПУ | |
| 610 | 1 | |a электронный ресурс | |
| 701 | 1 | |a Сурков |b А. С. | |
| 701 | 1 | |a Sklarczyk |b K. | |
| 701 | 1 | |a Kröning |b M. | |
| 701 | 1 | |a Dobmann |b G. | |
| 701 | 1 | |a Langenberg |b K. | |
| 701 | 1 | |a Кулешов |b В. К. |c специалист в области неразрушающего контроля |c профессор Томского политехнического университета, доктор технических наук |f 1939- |g Валерий Константинович |3 (RuTPU)RU\TPU\pers\19828 | |
| 801 | 1 | |a RU |b 63413507 |c 20090401 |g PSBO | |
| 801 | 2 | |a RU |b 63413507 |c 20211118 |g RCR | |
| 856 | 4 | |u http://www.lib.tpu.ru/fulltext/v/Bulletin_TPU/2008/v312/i2app/42.pdf | |
| 942 | |c CF | ||